[Vladimír Roy s manželkou Vierou]

Zobrazenie: Vladimír Roy s manželkou Vierou, rodenou Švehlovou v Luhačoviciach, september 1919.

Bibliographic Details
Other Authors: Zelený, L. (Photographer)
Format: Photo
Language:Czech
PhysicalDescription:1 fotografia čiernobiela 14 x 9 cm
Published: [S.l. s.n.] [1919]
Subjects:

MARC

LEADER 00000nkmaa2200000 a 4500
001 vtls011985120
003 SK-MaSNL
005 20260331212030.0
007 kh bo
008 230802e1919 xr | |||0 k|cze
035 |a urn:nbn:sk:snk-km00ejkb 
035 |a urn:nbn:sk:snk-km45vy6 
035 |a 10255BF3-5782-4F21-AE82-1817979A57F9 
040 |a SNKLA  |b slo  |c SNKLA  |e AACR2 
041 0 |a cze 
044 |a xr  |c CZ 
100 1 |a Zelený, L.  |4 pht  |9 345979 
245 1 0 |a [Vladimír Roy s manželkou Vierou]  |h grafika 
260 |a [S.l.  |b s.n.]  |c [1919] 
300 |a 1 fotografia  |b čiernobiela  |c 14 x 9 cm 
500 |a Na zadnej strane je venovanie priateľom Mihalovcom s datovaním v Luhačoviciach 26.9.1919. 
520 2 |a Zobrazenie: Vladimír Roy s manželkou Vierou, rodenou Švehlovou v Luhačoviciach, september 1919. 
600 1 7 |a Roy, Vladimír,  |d 1885-1936  |2 SNKMA  |9 19274 
600 1 7 |a Royová, Viera,  |d 1888-1962  |2 SNKMA  |9 364504 
655 7 |a fotografie  |2 SNKPH  |9 70713 
852 7 |a Slovenská národná knižnica  |b Literárny archív 
958 |a ZO 
958 |a BLA 
999 |c 608946  |d 610876 
952 |a SNKLA  |b SNKLA  |c SNKLA_DEP  |y NEVYP  |7 0  |p 17A1311185  |o snkSR 44/15  |i snkLA 682/1965  |0 0  |1 0  |4 0  |d 2020-08-04  |f 1  |l 0  |r 2026-02-23 16:18:02  |w 2026-02-23